00329nam a2200133Ia 4500008004100000041000800041082002000049100003100069245002500100260003200125300000800157502001300165999001700178230128s9999 xx 000 0 und d aeng aCHA PR0205bCHA aChavan A( 2K41008)9118936 aBusiness Development c2006bPune UniversityaPune a50p cDhotre M c97234d97234